1001 inventions : Muslim heritage in our world (Record no. 26592)

MARC details
000 -LEADER
fixed length control field 00584nam a2200193Ia 4500
020 ## - INTERNATIONAL STANDARD BOOK NUMBER
ISBN 9780955242618
050 ## - CALL MARK
Classification number BP 190.5.S3 A15/
100 ## - STATEMENT OF RESPONSIBILITY--MAIN AUTHOR NAME
Personal name Ekwensi, Cyprian
245 #0 - TITLE STATEMENT
Title 1001 inventions : Muslim heritage in our world
250 ## - EDITION / VOLUME STATEMENT
Edition / Volume statement 2nd ed.
260 ## - PUBLICATION, DISTRIBUTION, ETC. (IMPRINT)
Place of publication Manchester
260 ## - PUBLICATION, DISTRIBUTION, ETC. (IMPRINT)
Name of publisher Foundation for Science Technology
260 ## - PUBLICATION, DISTRIBUTION, ETC. (IMPRINT)
Year of publication 2007
300 ## - PHYSICAL DESCRIPTION
Number of Pages 376 p
650 ## - SUBJECT ADDED ENTRY--TOPICAL TERM
Topical Term Islam and science--History. Muslim scientists--History. Technology and civilization. Islamic civilization.
942 ## - ADDED ENTRY ELEMENTS (KOHA)
Koha item type Books
Holdings
Withdrawn status Lost status Source of classification or shelving scheme Damaged status Not for loan Permanent Location Current Location Date acquired Full call number Accession Number Price effective from Koha item type
    Dewey Decimal Classification     NILE UNIVERSITY OF NIGERIA - MAIN LIBRARY NILE UNIVERSITY OF NIGERIA - MAIN LIBRARY 04/23/2025 BP 190.5.S3 A15/ 0006566 04/23/2025 Books